Countries by Highest Average Age - Statistics

General Stats
  • This quiz has been taken 58 times
  • The average score is 12 of 19
Answer Stats
Average Country % Correct
46.1 Japan
94%
44.5 Italy
83%
46.5 Germany
80%
41.7 Canada
78%
43.5 Greece
78%
43.2 Finland
72%
51.1 Monaco
72%
43.1 Belgium
70%
42.0 Switzerland
70%
44.3 Austria
67%
42.1 Netherlands
65%
42.4 Andorra
61%
42.4 Liechtenstein
59%
43.6 San Marino
56%
43.5 Slovenia
54%
42.6 Bulgaria
52%
42.1 Croatia
48%
41.9 Serbia
44%
42.9 Bermuda
0%
No matching quizzes found
Score Distribution
Percent of People with Each Score
Percentile by Number Answered
Your Score History
You have not taken this quiz